The Crimson Forest Quiz - Statistics

General Stats
  • This quiz has been taken 9 times
  • The average score is 4 of 5
Answer Stats
Question Answer % Correct
What colour is the 'leaves' of the Crimson Tree? Red
100%
What is the ground there mostly covered with? Crimson Nylium
83%
What is the name of the other forest in the Nether? Warped Forest
83%
Which mob can be bred using Crimson Fungus? Hoglins
67%
What are the Crimson Vines named as? Weeping vines
50%
No matching quizzes found
Score Distribution
Percent of People with Each Score
Percentile by Number Answered
Your Score History
You have not taken this quiz